00825nam a2200241 k 4500001001300000005001500013008004100028020003500069020002600104040001900130049001700149056001400166090002100180100001400201245010400215260003400319300003800353440004300391504002400434653006700458740004700525950001100572KMO20260237420260519105409260514s2025 ulkad b 000a kor a9791193937990g04000 :c\190001 a9791193937983(세트) a146043c1460430 lEM0000048829 a420.1326 a420.13b채68처1 a채은미10a처음 만나는 양자의 세계 :b양자 역학부터 양자 컴퓨터까지 /d채은미 지음 a서울 :b북플레저,c2025 a272 p. :b삽화, 도표 ;c21 cm00a처음 만나는 세계 시리즈 ;v1 a참고문헌 수록 a과학a물리학a양자역학a양자컴퓨터a과학이론02a양자 역학부터 양자 컴퓨터까지0 b\19000 |
|---|